02326 2200265 4500001002100000005001500021035002000036007000300056008004100059020002200100082001200122084001800134100003500152245006000187250002600247300004000273650002200313600002200335336002100357337003000378338002300408264003600431520157600467990001702043INLIS00000000150482820260619030904 a0010-0626000023ta260619 g 0 ind  a978-979-076-682-2 a658.401 a658.401 DAD s0 aDadang Husen SobanaePengarang1 aStudi Kelayakan Bisnis /cH. Dadang Husen Sobana, M.Ag. aCet. 1, Februari 2018 a344 halaman. :bilustrasi ;c24 cm. 4aperencanaan usaha 4aBusiness planning 2rdacontentateks 2rdamediaatanpa perantara 2rdacarrieravolume aBandung :bPustaka Setia,c2018 aStudi kelayakan bisnis merupakan langkah awal yang menjadi titik acuan di dalam memutuskan pembangunan sebuah usaha. Kegiatannya mempelajari secara mendalam tentang usaha yang akan dijalankan untuk menentukan layak atau tidaknya suatu bisnis dijalankan. Tujuan utama studi kelayakan bisnis untuk mengukur seberapa besar potensi usaha tersebut, baik dalam situasi mendukung maupun situasi yang tidak mendukung. Dalam melakukan studi kelayakan bisnis, ada tahapan yang wajib dilakukan, antara lain identifikasi yaitu melakukan rincian dan perkiraan berbagai peluang dan hambatan. Perumusan yaitu penyimpulan awal dari data-data identifikasi yang dikumpulkan. Penilaian melakukan analisis dan menilai aspek pasar, finansial, masalah teknis dan perekonomian. Pemilihan yaitu tahap menentukan alternatif karena adanya keterbatasan dan tujuan yang ingin dicapai. Implementasi yaitu menjalankan bisnis dengan tetap berpegang pada anggaran dan keputusan yang telah difinalisasi. Hasil studi kelayakan bisnis berupa dokumentasi lengkap dalam bentuk tertulis yang diperlihatkan mengenai rencana bisnis yang memiliki nilai-nilai positif bagi aspek-aspek yang diteliti sehingga akan dinyatakan sebagai proyek bisnis yang layak. Studi kelayakan bisnis diperuntukkan bagi pembaca dalam merencanakan bisnis. Untuk memenuhi kepentingan itu, penyajian buku ini diawali dengan kajian filosofi dan etika bisnis, konsep dasar studi kelayakan bisnis, teori dan konsep investasi, manajemen, struktur modal kerja dan kebijakan dividen, pohon keputusan pendukung pengambilan keputusan bisnis. a2022/HD/0481